Reconciliation with evil

Titel: Reconciliation with evil / Leon Weintraub, Magda Jaros ; from Polish translated by Michał Weintraub
Verfasser: ;
Veröffentlicht: Berlin : Kulturverlag Kadmos Berlin, [2025]
Umfang: 234 Seiten : Illustrationen ; 21 cm, 450 g
Format: Buch
Sprache: Englisch
Schlagworte:
Andere Ausgaben: Erscheint auch als Online-Ausgabe: Weintraub, Leon, 1926-. Reconciliation with Evil. - Berlin : Kulturverlag Kadmos Berlin, 2024. - Online-Ressource, 234 Seiten
ISBN: 9783865995841 ; 3865995845
Buchumschlag
X
alg: 53209643
001A    $06000:31-07-25 
001B    $06000:31-07-25 $t17:37:47.000 
001D    $06000:31-07-25 
001U    $0utf8 
001X    $00 
002@    $0Aax 
002C    $aText $btxt $2rdacontent 
002D    $aohne Hilfsmittel zu benutzen $bn $2rdamedia 
002E    $aBand $bnc $2rdacarrier 
003@    $0532096436 
004A    $A978-3-86599-584-1 $fBroschur : EUR 24.90 (DE), EUR 25.60 (AT) 
004A    $03-86599-584-5 
004K    $09783865995841 
006C    $01449635332 $aOCoLC 
006G    $01336020253 
006T    $024,N30 
006U    $025,A31 $f20240717 
007A    $01336020253 $aDNB 
009P    $qapplication/pdf $A2 $3Inhaltsverzeichnis $uhttps://d-nb.info/1336020253/04 $mB:DE-101 
010@    $aeng $cpol 
010E    $erda 
011@    $a2025 $n[2025] 
013D    $RGespräch $RInterviewleitfaden $#Interviews $#Entretiens $#Entrevistas (Periodismo) $#Entrevistas $#interviews $#Interview $#Interview $#Interview $#Befragung Interview $74027503-6 $8Interview [Ts1] $9085070343 
021A    $aReconciliation with evil $hLeon Weintraub, Magda Jaros ; from Polish translated by Michał Weintraub 
028A    $BVerfasser $4aut $7124508481X $8Weintraub, Leon$Z1926- [Tp1] $9487352300 
028C    $BVerfasser $4aut $8Jaros, Magda$Z20./21. Jh. [Tp3] $9487352394 
033A    $pBerlin $01064927831 $nKulturverlag Kadmos Berlin 
034D    $a234 Seiten 
034I    $a21 cm, 450 g 
034M    $aIllustrationen 
039D    $aErscheint auch als $tReconciliation with Evil $dBerlin $eKulturverlag Kadmos Berlin $f2024 $hOnline-Ressource, 234 Seiten $lWeintraub, Leon, 1926- $nOnline-Ausgabe 
044K    $qDNB $7124508481X $8Weintraub, Leon$Z1926- [Tp1] $9487352300 
044K    $qDNB $RJudenviertel $RJuden $#Jewish ghettos $#Quartiers juifs $#Ghetto $#Ghetto $#Gettos $#Ghettos $#Judenghetto $#Judengetto $#Juden Ghetto $#Juden Getto $74157319-5 $8Getto [Ts1] $908567575X 
044K    $qDNB $RLitzmannstadt $#Lodz $#Łódź $#Lodsch $74074299-4 $8Lodz [Tg1] $9085209155 
045E    $c940 
045F    $a940.5318092 $eDDC23ger 
045F/01 $a940.5318 
045F/01 $a940.5318092 
045F/03 $f092 
045R    $aGeschichte 

lok: 53209643 78

exp: 53209643 78 1 #EPN
201B/01 $003-09-25 $t16:19:14.000 
201C/01 $003-09-25 
201U/01 $0utf8 
203@/01 $01317248279 
208@/01 $a03-09-25 $be 
209A/01 $a/ $f000 $x00 
209A/01 $ab*p $x01 
220C/01 $apgar 
244Z/01 $#Generalgouvernement Polen $#Polska $#Rzeczpospolita Polska $#Polska Rzeczpospolita Ludowa $#Poland $#Pologne $#République Polonaise $#Generalne Gubernatorstwo w Polsce $#Polish People's Republic $#Polska Rzeczpospolita Polen $#PRL $#RP $#Polen Generalgouvernement $#Polska Generalgouvernement $#Besetzte Polnische Gebiete $#Besetztes Gebiet in Polen $#Okupowane Polskie Obszary $#Obszary Okupowane w Polsce $#Volksrepublik Polen $#Polska Rosyjska $#Republic Polen $#Respublika Pol'ša $#Pol'skaja Narodnaja Respublika $#République de Pologne $#Polen Links der Weichsel $#Polska po Lewej Stronie Wisły $#Lenkija $#Polija $#Gubernija Carstva Pol'skago $#Republik Polen $74046496-9 $8--Tg1--Polen $x01 $9085129801 
247C/01 $82080>Marburg/Lahn, Herder-Institut, Forschungsbibliothek, Bibliographieportal $9336309341
LEADER 00000cam a22000002c 4500
001 532096436
003 DE-603
005 20250731173747.0
007 tu
008 250731s2025 xx |||| | u00||u|eng
015 |a 25,A31  |z 24,N30  |2 dnb 
016 7 |2 DE-101  |a 1336020253 
020 |a 9783865995841  |c Broschur : EUR 24.90 (DE), EUR 25.60 (AT) 
020 |a 3865995845 
024 3 |a 9783865995841 
035 |a (DE-599)DNB1336020253 
040 |a DE-603  |b ger  |c DE-603  |d DE-603  |e rda 
041 |a eng  |h pol 
082 0 4 |8 1\u  |a 940.5318092  |q DE-101  |2 23/ger 
084 |a 940  |q DE-101  |2 sdnb 
085 |8 1\u  |b 940.5318 
085 |8 1\u  |b 940.5318092 
085 |8 1\u  |z 1  |s 092 
100 1 |a Weintraub, Leon  |d 1926-  |e Verfasser  |4 aut  |0 (DE-603)487352300  |0 (DE-588)124508481X  |2 gnd 
245 0 0 |a Reconciliation with evil  |c Leon Weintraub, Magda Jaros ; from Polish translated by Michał Weintraub 
264 1 |a Berlin  |b Kulturverlag Kadmos Berlin  |c [2025] 
300 |a 234 Seiten  |b Illustrationen  |c 21 cm, 450 g 
336 |a Text  |b txt  |2 rdacontent 
337 |a ohne Hilfsmittel zu benutzen  |b n  |2 rdamedia 
338 |a Band  |b nc  |2 rdacarrier 
600 1 7 |a Weintraub, Leon  |d 1926-  |0 (DE-588)124508481X  |0 (DE-603)487352300  |2 gnd 
648 7 |a Geschichte  |2 gnd 
650 7 |a Getto  |0 (DE-588)4157319-5  |0 (DE-603)08567575X  |2 gnd 
651 7 |a Lodz  |0 (DE-588)4074299-4  |0 (DE-603)085209155  |2 gnd 
655 7 |a Interview  |2 gnd-content  |0 (DE-588)4027503-6  |0 (DE-603)085070343 
700 1 |a Jaros, Magda  |d 20./21. Jh.  |e Verfasser  |4 aut  |0 (DE-603)487352394  |0 (DE-588)1245086057  |2 gnd 
776 0 8 |i Erscheint auch als  |n Online-Ausgabe  |a Weintraub, Leon, 1926-  |t Reconciliation with Evil  |d Berlin : Kulturverlag Kadmos Berlin, 2024  |h Online-Ressource, 234 Seiten 
856 4 2 |m B:DE-101  |q application/pdf  |u https://d-nb.info/1336020253/04  |3 Inhaltsverzeichnis 
924 0 |9 2080  |a (DE-603)1317248279  |b DE-2080  |c HES  |d d  |g /